000 00268nam a2200109Ia 4500
008 200302s9999 xx 000 0 und d
100 _aHenry-Russell Hitchcock
245 _aSchindler David Gebhard
260 _bThames and Hudson Ltd.
260 _c1971
300 _a216 P.,
999 _c152
_d152